[Event "AUTO-BEG-586"]
[Site "http://www.queenalice.com/game.php?id=1224748"]
[Date "2013.10.15"]
[Round "3"]
[White "tigre89"]
[Black "Epilos"]
[Result "0-1"]
[WhiteElo "1427"]
[BlackElo "1583"]

1. e4 e5 2. d3 d5 3. f3 d4 4. Nh3 Bxh3 5. g3 Bxf1 6. Rxf1 Bb4+ 7. Bd2 Bxd2+ 8.
Nxd2 Nc6 9. Nc4 Nf6 10. Qd2 O-O 11. O-O-O b5 12. Nxe5 Nxe5 13. f4 Nc6 14. h4 h6
15. f5 b4 16. b3 a5 17. g4 Nxg4 18. Rf4 Qxh4 19. Rg1 h5 20. Kb1 g5 21. Rf3 Ne3
22. Qf2 Qxf2 23. Rxf2 f6 24. Kc1 g4 25. Rh1 g3 26. Rf3 h4 27. Rxh4 g2 28. Rg3+
Kf7 29. Rh7+ Ke8 30. Rxc7 Ne5 31. Rg6 Nxg6 32. fxg6 g1=Q+ 33. Kd2 Qd1# 0-1

[Event "AUTO-BEG-586"]
[Site "http://www.queenalice.com/game.php?id=1224749"]
[Date "2013.10.15"]
[Round "3"]
[White "Epilos"]
[Black "tigre89"]
[Result "1-0"]
[WhiteElo "1593"]
[BlackElo "1412"]

1. e4 e5 2. Nf3 d6 3. Bc4 Bg4 4. Nc3 Nf6 5. h3 Bxf3 6. Qxf3 Qd7 7. Nd5 Be7 8.
Nxf6+ Bxf6 9. c3 Nc6 10. Qh5 g6 11. Qf3 Qe7 12. d3 O-O-O 13. O-O h5 14. Be3 g5
15. Bd5 g4 16. hxg4 h4 17. Bxc6 bxc6 18. Bxa7 c5 19. b4 Qd7 20. Qxf6 Qa4 21.
bxc5 Qxa7 22. cxd6 Rxd6 23. Qxh8+ Rd8 24. Qxe5 Rxd3 25. Qe8+ Kb7 26. Qb5+ Qb6
27. Qxd3 Qb2 28. Rab1 Qb6 29. Rxb6+ cxb6 30. Rb1 f6 31. c4 Kc6 32. Qd5+ Kc7 33.
c5 bxc5 34. Rb7+ Kc8 35. Qd7# 1-0

[Event "AUTO-OPEN-3103"]
[Site "http://www.queenalice.com/game.php?id=1225551"]
[Date "2013.10.18"]
[Round "1"]
[White "Epilos"]
[Black "pomar"]
[Result "0-1"]
[WhiteElo "1585"]
[BlackElo "2043"]

1. e4 e6 2. e5 d5 3. exd6 Bxd6 4. Nf3 Nf6 5. Bb5+ c6 6. Ba4 Na6 7. d4 Qa5+ 8.
Nc3 Bb4 9. Bb3 Bxc3+ 10. bxc3 Qxc3+ 11. Bd2 Qb2 12. a3 Ne4 13. O-O Nc3 14. Bxc3
Qxc3 15. Qd2 Qxd2 16. Nxd2 O-O 17. Rfe1 Bd7 18. Nc4 c5 19. dxc5 Nxc5 20. a4 Bc6
21. Re5 Ne4 22. f3 Nf6 23. Na5 Rac8 24. Nxc6 Rxc6 25. c4 Rfc8 26. Rc1 Nd5 27.
Re4 Rb6 28. Ba2 Rb2 29. Bb1 g5 30. h3 Nf4 31. g3 Ne2+ 32. Rxe2 Rxe2 33. Be4 b6
34. Kf1 Rb2 35. Bb7 Rd8 36. Kg1 Rdd2 37. f4 f6 38. fxg5 fxg5 39. a5 Rbc2 40.
Rxc2 Rxc2 41. axb6 axb6 42. Ba6 Kf7 43. h4 h6 44. hxg5 hxg5 45. g4 e5 46. Kf1 e4
47. Bc8 Rxc4 48. Bf5 Kf6 49. Bh7 Ke5 50. Bxe4 Kxe4 51. Kf2 Rc3 52. Ke2 Rc2+ 53.
Ke1 Ke3 54. Kf1 b5 55. Ke1 Rc1# 0-1

[Event "AUTO-OPEN-3103"]
[Site "http://www.queenalice.com/game.php?id=1225552"]
[Date "2013.10.18"]
[Round "1"]
[White "pomar"]
[Black "Epilos"]
[Result "1-0"]
[WhiteElo "2011"]
[BlackElo "1606"]

1. f3 e5 2. Kf2 Bc5+ 3. e3 d5 4. c4 dxc4 5. Qa4+ Bd7 6. Qxc4 b6 7. b4 Bd6 8. Nc3
Nf6 9. Bb2 O-O 10. Nd5 Nxd5 11. Qxd5 Bc6 12. Qb3 a5 13. b5 Bb7 14. a4 Bb4 15. d4
exd4 16. Bxd4 Nd7 17. Rd1 Nf6 18. Be2 Qe7 19. Nh3 Nd5 20. Bc4 Rad8 21. Rd3 f5
22. Nf4 Kh8 23. Bxd5 Bxd5 24. Nxd5 Qh4+ 25. g3 Qh5 26. Nxc7 Qf7 27. Ne6 Rde8 28.
Nxg7 Qg6 29. Nxe8+ Rf6 30. Bxf6+ Qxf6 31. Nxf6 Kg7 32. Qe6 Bc5 33. Rd7+ Kg6 34.
Ng4+ Kh5 35. Qh6# 1-0

[Event "AUTO-OPEN-3103"]
[Site "http://www.queenalice.com/game.php?id=1225553"]
[Date "2013.10.18"]
[Round "1"]
[White "Epilos"]
[Black "oratio"]
[Result "1-0"]
[WhiteElo "1561"]
[BlackElo "1590"]

1. e4 e6 2. e5 c5 3. Bc4 d5 4. exd6 Bxd6 5. Nf3 Nf6 6. d3 Nc6 7. Bg5 O-O 8. Bxf6
Qxf6 9. Nc3 Bf4 10. g3 Bh6 11. Ne4 Qxb2 12. O-O Qb6 13. Neg5 Bxg5 14. Nxg5 Ne5
15. a4 f6 16. Nf3 Nxf3+ 17. Qxf3 Kh8 18. Rab1 Qd6 19. Rfe1 Bd7 20. Qxb7 Bc6 21.
Qb3 Rab8 22. Qa2 Qd7 23. Rxb8 Rxb8 24. Rb1 Rxb1+ 25. Qxb1 h6 26. Qb8+ Kh7 27. a5
e5 28. f4 Qh3 29. Kf2 Qg2+ 30. Ke3 Qf3+ 31. Kd2 Qg2+ 32. Kc3 Ba4 33. Qg8+ Kg6
34. fxe5 fxe5 35. Bf7+ Kf6 36. Bb3 Bb5 37. Qf7+ Kg5 38. h4+ Kg4 39. Qe6+ Kf3 40.
Bd5+ e4 41. Qxe4+ Kxg3 42. Qxg2+ Kxh4 43. Be6 g5 44. Qg4# 1-0

[Event "AUTO-OPEN-3103"]
[Site "http://www.queenalice.com/game.php?id=1225554"]
[Date "2013.10.18"]
[Round "1"]
[White "oratio"]
[Black "Epilos"]
[Result "1-0"]
[WhiteElo "1559"]
[BlackElo "1568"]

1. e4 e5 2. Nf3 Bc5 3. Bc4 Nc6 4. O-O h6 5. c3 Nf6 6. d4 exd4 7. cxd4 Bb6 8. Nc3
a6 9. Bf4 d6 10. Re1 O-O 11. d5 Ne7 12. e5 dxe5 13. Nxe5 Ba5 14. Qf3 Bg4 15.
Nxg4 Bxc3 16. bxc3 Nxg4 17. Qxg4 Ng6 18. Bd3 Nxf4 19. Qxf4 Qd6 20. Qe4 f5 21.
Qe6+ Qxe6 22. Rxe6 Rad8 23. Rae1 Rxd5 24. Bc4 Rdd8 25. Re7+ Kh7 26. Rxc7 b5 27.
Ree7 Kg6 28. Rxg7+ Kf6 29. f4 Rd1+ 30. Kf2 Rd2+ 31. Kg3 bxc4 32. Kh4 Rxa2 33.
Kh5 a5 34. Rg6# 1-0

[Event "AUTO-OPEN-3103"]
[Site "http://www.queenalice.com/game.php?id=1225555"]
[Date "2013.10.18"]
[Round "1"]
[White "Epilos"]
[Black "ggg09"]
[Result "0-1"]
[WhiteElo "1695"]
[BlackElo "2157"]

1. e4 e6 2. e5 c5 3. Bc4 d5 4. exd6 Bxd6 5. Bb5+ Bd7 6. Bxd7+ Qxd7 7. Qf3 Nc6 8.
Nc3 Nf6 9. Nge2 Qc7 10. d4 cxd4 11. Ne4 Nxe4 12. Qxe4 e5 13. O-O O-O 14. c3 f5
15. Qd5+ Kh8 16. cxd4 exd4 17. Nxd4 Nxd4 18. Qxd4 Bxh2+ 19. Kh1 Be5 20. Qh4 f4
21. Rb1 Rf6 22. b4 Rh6 23. Qxh6 gxh6 24. g3 fxg3 25. fxg3 Bxg3 26. Bb2+ Be5 27.
Bxe5+ Qxe5 28. Rbe1 Qd5+ 29. Kg1 Rg8+ 30. Kh2 Qg2# 0-1

[Event "AUTO-OPEN-3103"]
[Site "http://www.queenalice.com/game.php?id=1225556"]
[Date "2013.10.18"]
[Round "1"]
[White "ggg09"]
[Black "Epilos"]
[Result "1-0"]
[WhiteElo "2181"]
[BlackElo "1697"]

1. e4 e5 2. Nf3 Nc6 3. Bc4 h6 4. c3 Bc5 5. d4 exd4 6. cxd4 Bb4+ 7. Nc3 Bxc3+ 8.
bxc3 Nf6 9. O-O d5 10. exd5 Nxd5 11. Bxd5 Qxd5 12. Re1+ Be6 13. Bf4 O-O 14. Bxc7
b6 15. Bf4 g5 16. Bc1 a5 17. Ne5 Nxe5 18. Rxe5 Qc4 19. Bxg5 Kh7 20. Qh5 f6 21.
Qxh6+ Kg8 22. Qg6+ Kh8 23. Bxf6+ Rxf6 24. Rh5# 1-0

[Event "AUTO-INT-2742"]
[Site "http://www.queenalice.com/game.php?id=1225745"]
[Date "2013.10.19"]
[Round "1"]
[White "Epilos"]
[Black "GMMarolideus"]
[Result "0-1"]
[WhiteElo "1604"]
[BlackElo "1788"]

1. e4 c5 2. Bc4 Nc6 3. Qh5 e6 4. e5 d6 5. exd6 Nf6 6. Qf3 Bxd6 7. Bb5 Bd7 8. d3
Qa5+ 9. Nc3 Be5 10. Ne2 Nd4 11. Qxb7 Rb8 12. Qa6 Rxb5 13. Qxa5 Rxa5 14. Ne4 Nxe4
15. dxe4 Nxc2+ 16. Kd2 Nxa1 17. Kd3 Bb5+ 18. Kd2 Rxa2 19. f4 Bxb2 20. Bxb2 Rxb2+
21. Ke3 Rxe2+ 22. Kf3 Nc2 23. Rc1 Nd4+ 24. Kg3 c4 25. h4 Rxe4 26. Kf2 O-O 27.
Ra1 c3 28. Rxa7 c2 29. Rc7 Bc6 30. Rxc6 Nxc6 31. Kf3 f5 32. g4 c1=Q 33. gxf5
Qxf4+ 34. Kg2 Re2+ 35. Kg1 Qc1# 0-1

[Event "AUTO-INT-2742"]
[Site "http://www.queenalice.com/game.php?id=1225746"]
[Date "2013.10.19"]
[Round "1"]
[White "GMMarolideus"]
[Black "Epilos"]
[Result "1-0"]
[WhiteElo "1763"]
[BlackElo "1604"]

1. e4 e5 2. Nf3 Nc6 3. Bc4 Bc5 4. c3 d6 5. d4 exd4 6. cxd4 Bb4+ 7. Bd2 Bxd2+ 8.
Nbxd2 Bg4 9. Qb3 Bxf3 10. Bxf7+ Kf8 11. Nxf3 Nh6 12. Be6 b6 13. Bd5 Qd7 14. Qb5
Rd8 15. Bxc6 Qg4 16. Qg5 Qxg5 17. Nxg5 Ng4 18. Ne6+ Ke7 19. Nxd8 Rxd8 20. O-O
Nf6 21. f4 a5 22. e5 dxe5 23. dxe5 Ng4 24. Rad1 Ne3 25. Rxd8 Kxd8 26. Rf3 Nc4
27. b3 Nd2 28. Rd3+ Ke7 29. Rxd2 Ke6 30. Rd7 Kf5 31. g3 Ke6 32. Kf2 g6 33. Ke3
h6 34. Ke4 g5 35. f5# 1-0

[Event "AUTO-INT-2742"]
[Site "http://www.queenalice.com/game.php?id=1225747"]
[Date "2013.10.19"]
[Round "1"]
[White "Epilos"]
[Black "TON7"]
[Result "0-1"]
[WhiteElo "1496"]
[BlackElo "1724"]

1. e4 e5 2. Nf3 Nc6 3. Bc4 Nf6 4. Ng5 d5 5. exd5 Nxd5 6. Bxd5 Qxd5 7. Qf3 Qxf3
8. Nxf3 Bg4 9. d3 Bxf3 10. gxf3 Nd4 11. Kd2 Nxf3+ 12. Ke3 Nd4 13. c3 Nf5+ 14.
Ke4 Nh6 15. Bxh6 gxh6 16. Kxe5 O-O-O 17. d4 Re8+ 18. Kd5 Re2 19. Na3 Bxa3 20.
bxa3 a5 21. Kc4 Rxf2 22. Rhf1 Rxh2 23. Rxf7 h5 24. Raf1 b6 25. Rf8+ Rxf8 26.
Rxf8+ Kb7 27. Rf7 h4 28. Rxh7 h3 29. Kb3 b5 30. c4 a4+ 31. Kb4 Rb2+ 0-1

[Event "AUTO-INT-2742"]
[Site "http://www.queenalice.com/game.php?id=1225748"]
[Date "2013.10.19"]
[Round "1"]
[White "TON7"]
[Black "Epilos"]
[Result "1-0"]
[WhiteElo "1717"]
[BlackElo "1503"]

1. e4 e5 2. Nf3 Nc6 3. Bb5 Nd4 4. Nxd4 exd4 5. Qf3 Qf6 6. Qxf6 Nxf6 7. d3 c6 8.
Bc4 b5 9. Bb3 Bb4+ 10. Bd2 Bxd2+ 11. Nxd2 O-O 12. O-O a5 13. a4 b4 14. Nf3 d6
15. e5 dxe5 16. Nxe5 Bf5 17. Nxc6 Rac8 18. Ne7+ Kh8 19. Nxc8 Rxc8 20. Rae1 h6
21. Re7 Be6 22. Bxe6 fxe6 23. c3 bxc3 24. bxc3 dxc3 25. Rc1 Nd5 26. Rxe6 Nb4 27.
d4 c2 28. d5 Na2 29. d6 Nxc1 30. d7 Rg8 31. Re8 Nb3 32. g3 1-0

[Event "AUTO-INT-2742"]
[Site "http://www.queenalice.com/game.php?id=1225749"]
[Date "2013.10.19"]
[Round "1"]
[White "Epilos"]
[Black "zemaria"]
[Result "1-0"]
[WhiteElo "1602"]
[BlackElo "1599"]

1. e4 e5 2. Nf3 d6 3. Bc4 Be6 4. Bxe6 fxe6 5. d4 Be7 6. dxe5 h6 7. exd6 cxd6 8.
e5 d5 9. Be3 Nc6 10. c3 b6 11. Qa4 Qc7 12. O-O O-O-O 13. Nbd2 Nxe5 14. Nxe5 Qxe5
15. Qxa7 Bd6 16. g3 Ne7 17. Bxb6 Rdf8 18. Rfe1 Qf6 19. Re2 Nc6 20. Qa8+ Kd7 21.
Qb7+ 1-0

[Event "AUTO-INT-2742"]
[Site "http://www.queenalice.com/game.php?id=1225750"]
[Date "2013.10.19"]
[Round "1"]
[White "zemaria"]
[Black "Epilos"]
[Result "1-0"]
[WhiteElo "1599"]
[BlackElo "1516"]

1. e4 e5 2. d4 exd4 3. Qxd4 Nc6 4. Qd1 Bc5 5. Bd3 Qf6 6. Qe2 Ne5 7. f3 Nxd3+ 8.
cxd3 Bb4+ 9. Nd2 Bxd2+ 10. Qxd2 d6 11. d4 b6 12. Ne2 Ne7 13. O-O O-O 14. Qc2 c6
15. Bd2 Be6 16. Rfc1 b5 17. Ba5 a6 18. b3 d5 19. e5 Qf5 20. Qd1 Qg5 21. Ng3 f6
22. Bc7 fxe5 23. Bxe5 a5 24. f4 Qg6 25. f5 Nxf5 26. Nxf5 Bxf5 27. Rc3 Be4 28.
Bg3 Ra6 29. Rac1 Rc8 30. Qd2 h6 31. Rf1 b4 32. Rcc1 h5 33. Bh4 Rf8 34. Rf2 Rxf2
35. Qxf2 1-0

[Event "AUTO-BEG-590"]
[Site "http://www.queenalice.com/game.php?id=1227337"]
[Date "2013.10.26"]
[Round "2"]
[White "AfeuLira"]
[Black "Epilos"]
[Result "1-0"]
[WhiteElo "2123"]
[BlackElo "1567"]

1. Nc3 d5 2. e3 d4 3. exd4 Qxd4 4. Nf3 Qf6 5. d3 Bg4 6. Be2 Bxf3 7. Bxf3 c6 8.
O-O e5 9. Re1 Bb4 10. Bd2 Bxc3 11. Bxc3 Nd7 12. d4 Nh6 13. dxe5 Qe6 14. Qe2 O-O
15. Rad1 Nc5 16. Bd2 Rad8 17. Bb4 Rxd1 18. Rxd1 b6 19. Bxc5 bxc5 20. a3 Nf5 21.
Bg4 g6 22. f4 Nd4 23. Rxd4 Qa2 24. Rd7 Qxb2 25. e6 Qc1+ 26. Rd1 Qxf4 27. exf7+
1-0

[Event "AUTO-BEG-590"]
[Site "http://www.queenalice.com/game.php?id=1227338"]
[Date "2013.10.26"]
[Round "2"]
[White "Epilos"]
[Black "AfeuLira"]
[Result "0-1"]
[WhiteElo "1565"]
[BlackElo "2124"]

1. e4 c5 2. Bc4 Nc6 3. Qh5 e6 4. e5 Nge7 5. Nf3 Ng6 6. d3 Be7 7. O-O d5 8. exd6
Qxd6 9. Nc3 a6 10. Ne4 Qc7 11. Be3 b5 12. Bb3 a5 13. c3 Bb7 14. Nfg5 Nce5 15.
Nxh7 O-O-O 16. f3 Nf8 17. Neg5 Bxg5 18. Qxg5 Rxh7 19. Bf4 f6 20. Qg3 Nfg6 21.
Bxe6+ Kb8 22. d4 Nxf4 23. Qxf4 Nxf3+ 24. Rxf3 Bxf3 25. Qxc7+ Kxc7 26. gxf3 cxd4
27. cxd4 Rxd4 0-1

[Event "AUTO-BEG-590"]
[Site "http://www.queenalice.com/game.php?id=1227341"]
[Date "2013.10.26"]
[Round "2"]
[White "Hucorov"]
[Black "Epilos"]
[Result "1-0"]
[WhiteElo "1343"]
[BlackElo "1466"]

1. e4 e5 2. Nf3 Nc6 3. Bc4 h6 4. Nc3 Bc5 5. d3 Nf6 6. b3 d6 7. Bb2 Nd4 8. O-O
Bg4 9. Nd5 Nxd5 10. Bxd5 c6 11. Bxd4 exd4 12. b4 Bxb4 13. Bb3 O-O 14. h3 Bh5 15.
Qe2 Bxf3 16. Qxf3 Qf6 17. Qg3 a5 18. a3 Bc3 19. Rae1 Bxe1 20. Rxe1 b5 21. e5
dxe5 22. Rxe5 a4 23. Ba2 Rfe8 24. Rc5 Re1+ 25. Kh2 Rc8 26. f3 Ra1 27. Bxf7+ Qxf7
28. Qd6 1-0

[Event "AUTO-BEG-590"]
[Site "http://www.queenalice.com/game.php?id=1227342"]
[Date "2013.10.26"]
[Round "2"]
[White "Epilos"]
[Black "Hucorov"]
[Result "0-1"]
[WhiteElo "1489"]
[BlackElo "1302"]

1. e4 e5 2. Nf3 Nc6 3. Bc4 Nf6 4. d4 Bd6 5. d5 Ne7 6. h3 Nxe4 7. Bg5 Nxg5 8.
Nxg5 O-O 9. Qd3 g6 10. h4 Nf5 11. Qe4 b6 12. Nc3 Bb7 13. O-O-O Qf6 14. g4 Nd4
15. Nb5 Qxf2 16. h5 Rac8 17. hxg6 Nxc2 18. Qxc2 Qf4+ 19. Kb1 Qxg5 20. gxh7+ Kh8
21. Qc3 Qxg4 22. Rdg1 Qe4+ 23. Kc1 Bc5 24. Nxa7 Rce8 25. Bd3 Qf4+ 26. Kc2 Bxg1
27. Nb5 Be3 28. Nxc7 Rc8 0-1

[Event "AUTO-BEG-590"]
[Site "http://www.queenalice.com/game.php?id=1227343"]
[Date "2013.10.26"]
[Round "2"]
[White "marcosuc"]
[Black "Epilos"]
[Result "1-0"]
[WhiteElo "1408"]
[BlackElo "1563"]

1. Nc3 e5 2. Nf3 Nc6 3. Nd5 Nf6 4. Nxf6+ Qxf6 5. e4 Bc5 6. Bc4 d6 7. Bd5 Nd4 8.
c3 Nxf3+ 9. gxf3 Qh4 10. d4 exd4 11. cxd4 Bb4+ 12. Bd2 Bxd2+ 13. Kxd2 Qxf2+ 14.
Kc1 O-O 15. Qc2 Qe3+ 16. Kb1 Qxf3 17. Rg1 Bf5 18. Qg2 Qxg2 19. Rxg2 Be6 20. Kc2
Bxd5 21. exd5 Rfe8 22. Rag1 Re2+ 23. Rxe2 c6 24. dxc6 bxc6 25. Reg2 g6 26. h4
Re8 27. Rg3 Re4 28. Kd3 d5 29. h5 Kg7 30. a4 Kh6 31. hxg6 fxg6 32. Rh1+ Kg7 33.
Rf3 h6 34. Rhf1 g5 35. Rf7+ Kg6 36. R1f6+ Kh5 37. Rxa7 g4 38. Rh7 g3 39. Rfxh6+
Kg4 40. Rf6 g2 41. Rg7+ Kh3 42. Rh6+ Rh4 43. Rxh4+ Kxh4 44. Rxg2 Kh3 45. Rc2 Kg4
46. a5 1-0

[Event "AUTO-BEG-590"]
[Site "http://www.queenalice.com/game.php?id=1227344"]
[Date "2013.10.26"]
[Round "2"]
[White "Epilos"]
[Black "marcosuc"]
[Result "0-1"]
[WhiteElo "1541"]
[BlackElo "1430"]

1. e4 d5 2. exd5 Qxd5 3. Nc3 Qe6+ 4. Qe2 Nc6 5. Qxe6 fxe6 6. Bb5 Bd7 7. Bxc6
bxc6 8. d4 Rb8 9. b3 g6 10. Nf3 Nf6 11. Bg5 Ng4 12. Ne4 Bh6 13. Bxh6 Nxh6 14.
O-O Rf8 15. c4 Rf4 16. Rfe1 a5 17. Neg5 e5 18. dxe5 c5 19. e6 Bc6 20. Nxh7 Bxf3
21. gxf3 Rxf3 22. Re3 Rf4 23. Rg3 Rf6 24. Nxf6+ exf6 25. Rxg6 Nf5 26. Rxf6 Nd6
27. Rd1 Ke7 28. Rh6 Rf8 29. Re1 Nf5 30. Rh7+ Kf6 31. Rxc7 Re8 32. Rf7+ Kg6 33.
Ra7 Kf6 34. Rxa5 Rxe6 35. Rxe6+ Kxe6 36. Rxc5 Nd4 37. a4 Nxb3 38. Rh5 Nd4 39. a5
Nf3+ 40. Kg2 Ne1+ 41. Kf1 Nf3 42. a6 Nd2+ 43. Ke2 Nxc4 44. a7 Ne5 45. a8=Q Nd7
0-1